| 000 | 00662 a2200193 4500 | ||
|---|---|---|---|
| 020 | _a1584885025 | ||
| 020 | _a1584885025 | ||
| 040 |
_aDLC _bDLC |
||
| 082 | 0 | 4 | _a510 |
| 100 | 1 | _aPolyanin, A. D. | |
| 245 | 1 | 0 |
_aHandbook of mathematics for engineers and scientists _cAndrei D. Polyanin, Alexander V. Manzhirov |
| 246 | 3 | _aMathematics for engineers and scientists | |
| 260 |
_aBoca Raton, FL : _bChapman & Hall/CRC, _cc2007. |
||
| 300 |
_axxxii, 1509 p. : _bill. ; _c26 cm. |
||
| 650 | 0 | _aMathematics | |
| 700 | 1 | _aManzhirov, A. V. | |
| 856 | 4 | 2 |
_3Publisher description _uhttp://www.loc.gov/catdir/enhancements/fy0806/2007300249-d.html |
| 942 |
_cBK _k510 POL _2ddc |
||
| 999 |
_c7495 _d7495 |
||